Estadísticas para Los 15 Países Americanos con el IDH más Alto

Haz click aquí para intentar la prueba.

Estadísticas generales

  • Esta prueba ha sido intentada 66 veces
  • La puntuación promedio es 13 de 15

Estadísticas de respuestas

IDHPaís% Correcto
0.929Canadá
100%
0.926Estados Unidos
100%
0.851Chile
95%
0.810Costa Rica
95%
0.779México
95%
0.815Panamá
95%
0.817Uruguay
95%
0.845Argentina
93%
0.777Perú
84%
0.814Bahamas
82%
0.783Cuba
79%
0.796Trinidad y Tobago
79%
0.814Barbados
77%
0.779San Cristóbal y Nieves
68%
0.779Granada
66%

Distribución de puntuación

Porcentaje por número respondido

Porcentaje de gente con cada puntuación

Historial de tus puntuaciones

No has intentado esta prueba.